000 00807nam a2200241 a 4500
001 000010181
005 20200929161901.0
008 091005s2006 pr 000 p spa d
020 _a1932271643
040 _aDO-SdBNP
_bspa
_cBNPHU
082 _aPR861.44
_bG643s
100 1 _aGonzález Ríos, Juanmanuel,
_d1977-
_925183
245 1 0 _aSobre todo tus silencios /
_cJuanmanuel González Ríos ; prólogo Mercedes López-Barlt.
260 _aPuerto Rico :
_bIsla Negra,
_c2006.
300 _a62 p. ;
_c22 cm.
490 1 _aJosemilio González
590 _aInventariado, 2018/LP
650 4 _aPoesía puertorriqueña
_91015
650 4 _aLiteratura puertorriqueña
_9250
700 1 _aLópez-Barlt, Mercedes
_925184
830 0 _aJosemilio González
_96541
910 _aValidado. Control de calidad BNPHU.
999 _c9940
_d9940